| 000 | 00586nam a2200205 4500 | ||
|---|---|---|---|
| 999 |
_c827 _d827 |
||
| 001 | 19183 | ||
| 003 | BD-DhUAP | ||
| 005 | 20200128122528.0 | ||
| 008 | 200128s2009 ii ||||| |||| 001 0 eng d | ||
| 020 | _a9788180385100 | ||
| 040 |
_aBD-DhUAP _bEng _cBD-DhUAP _dBD-DhUAP |
||
| 082 |
_223 _a341.67 DOS |
||
| 100 | _aDoswald-Beck, Louise. | ||
| 245 |
_aInternational humanitarian law : _ban anthology / _cLouise Doswald-Beck. |
||
| 260 |
_aGurgaon : _bLexis Nexis, _cc2009. |
||
| 300 |
_a352 pages ; _c23 cm. |
||
| 500 | _aIncludes index. | ||
| 650 | _aHumanitarian law. | ||
| 942 |
_2ddc _cBK |
||